Hoá học các nguyên tố Tập 2 T.2

Na minha lista:
Detalhes bibliográficos
Autor principal: Hoàng Nhâm
Formato: Livro
Idioma:Vietnamese
Publicado em: Đại học Quốc gia Hà Nội 2004
Tags: Adicionar Tag
Sem tags, seja o primeiro a adicionar uma tag!
Thư viện lưu trữ: Mạng thư viện Đại học Đà Nẵng
LEADER 00638nam a2200253 4500
001 000022880
003 19329
005 20150515140531.0
008 150515s2004 viesd
020 |c 38200 
041 0 |a vie 
082 1 4 |a 546  |b HO-N 
100 1 |a Hoàng Nhâm 
245 1 0 |a Hoá học các nguyên tố Tập 2  |b T.2  |c Hoàng Nhâm 
260 |b Đại học Quốc gia Hà Nội  |c 2004 
300 |a tr.  |c cm. 
OWN |a LSP 
999 |a From the UDN01 
TYP |a Monograph 
TYP |a Printed language 
980 |a Mạng thư viện Đại học Đà Nẵng